01729 2200685 4500001002100000005001500021035002000036007000300056008004100059020002200100082001100122084001700133100003500150245013300185250001000318300003700328500009100365650001800456700003200474264003100506336002100537337003000558338002300588990001200611990001200623990001200635990001200647990001200659990001200671990001200683990001200695990001200707990001200719990001200731990001200743990001200755990001200767990001200779990001200791990001200803990001200815990001200827990001200839990001200851990001200863990001200875990001200887990001200899990001200911990001200923990001200935990001200947990001200959990001200971990001200983990001200995990001201007990001201019990001201031INLIS00000000000041420241022094451 a0010-1024000007ta241022 0 ind  a978-623-180-665-9 a338.04 a338.04 BER p0 aBerti Sagendra, dkkePengarang1 aProjek Kreatif dan Kewirausahaan SMK/MAK Kelas XI Fase F :bBidang Keahlian: Teknologi Manufaktur dan Rekayasa /cBerti Sagendra acet 1 axi, 279 halaman :bilus ;c21 cm aKurikulum Merdeka Program Keahlian: Teknik Mesin, Teknik Otomotif, Teknik Elektronika 4aKewirausahaan0 aNur Putri ElizzaePengarang aJakarta :bErlangga,c2023 2rdacontentateks 2rdamediaatanpa perantara 2rdacarrieravolume a24.0567 a24.0568 a24.0569 a24.0570 a24.0571 a24.0572 a24.0573 a24.0574 a24.0575 a24.0576 a24.0577 a24.0578 a24.0579 a24.0580 a24.0581 a24.0582 a24.0583 a24.0584 a24.0585 a24.0586 a24.0587 a24.0588 a24.0589 a24.0590 a24.0591 a24.0592 a24.0593 a24.0594 a24.0595 a24.0596 a24.0597 a24.0598 a24.0599 a24.0600 a24.0601 a24.0602